Loading...
| Mythology | 0 | 7 | 1 | 0 | 65 | 39 | 65.14 | 4 | 7 | 0.00 | 0.00 |
| Science - Biology | 0 | 5 | 0 | 0 | 50 | 43 | 65.00 | 1 | 3 | 0.00 | 0.00 |
| Literature - American | 0 | 5 | 0 | 0 | 50 | 54 | 87.00 | 2 | 5 | 0.00 | 0.00 |
| Literature - British | 0 | 5 | 1 | 0 | 45 | 38 | 62.40 | 3 | 4 | 0.00 | 0.00 |
| Literature - World | 0 | 5 | 2 | 1 | 40 | 81 | 94.20 | 1 | 5 | 0.00 | 0.00 |
| History - Other | 0 | 4 | 0 | 1 | 40 | 60 | 88.75 | 1 | 4 | 0.00 | 0.00 |
| Science - Other | 0 | 4 | 1 | 2 | 35 | 76 | 100.50 | 0 | 4 | 0.00 | 0.00 |
| Literature - European | 0 | 4 | 2 | 0 | 30 | 58 | 71.00 | 3 | 4 | 0.00 | 0.00 |
| Science - Chemistry | 0 | 3 | 0 | 1 | 30 | 75 | 92.67 | 0 | 3 | 0.00 | 0.00 |
| Science - Physics | 0 | 3 | 1 | 2 | 25 | 21 | 80.00 | 1 | 1 | 0.00 | 0.00 |
| History - World | 0 | 3 | 1 | 0 | 25 | 56 | 77.00 | 0 | 2 | 0.00 | 0.00 |
| Religion | 0 | 3 | 1 | 0 | 25 | 57 | 71.33 | 0 | 3 | 0.00 | 0.00 |
| Social Science | 0 | 2 | 0 | 1 | 20 | 76 | 79.00 | 0 | 2 | 0.00 | 0.00 |
| Fine Arts - Painting and Sculpture | 0 | 2 | 0 | 0 | 20 | 101 | 104.00 | 0 | 2 | 0.00 | 0.00 |
| History - European | 0 | 1 | 0 | 1 | 10 | 106 | 106.00 | 0 | 0 | 0.00 | 0.00 |
| Geography | 0 | 1 | 0 | 0 | 10 | 84 | 84.00 | 0 | 1 | 0.00 | 0.00 |
| Current Events | 0 | 1 | 0 | 1 | 10 | 109 | 109.00 | 0 | 0 | 0.00 | 0.00 |
| Philosophy | 0 | 0 | 1 | 0 | -5 | 0.00 | 0 | 0 | 0.00 | 0.00 | |
| Fine Arts - Classical Music | 0 | 0 | 1 | 0 | -5 | 0.00 | 0 | 0 | 0.00 | 0.00 |